Peacefield- Ghost - Statistics

General Stats
  • This quiz has been taken 125 times
    103 since last reset
  • The average score is 204 of 267
Answer Stats
Answer % Correct
The
100%
the
100%
a
96%
A
96%
can
92%
me
92%
me x2
92%
of
92%
peacefield
92%
peacefield,
92%
Peacefield,
92%
(Peacefield,
92%
peacefield)
92%
to
92%
We
92%
we
92%
be
88%
black
88%
But
88%
Child,
88%
child,
88%
close
88%
For
88%
in
88%
moon
88%
moon,
88%
no
88%
Oh,
88%
over,
88%
over
88%
see
88%
stay
88%
still
88%
you
88%
You
88%
your
88%
Your
88%
it's
85%
It's
85%
love
85%
love,
85%
not
85%
all
81%
An
81%
as
81%
believe
81%
is
81%
starlight
81%
anyone,
77%
anything,
77%
anything
77%
anytime
77%
are
77%
bright
77%
dark
77%
end
77%
have
77%
need
77%
something
77%
they
77%
what
77%
When
77%
will
77%
yet
77%
monarchy
73%
reason
73%
This
73%
through
73%
Through
73%
Until
73%
and
69%
And
69%
dream
69%
faded
69%
finally
69%
machine
69%
prosperity,
69%
scar
69%
afraid
65%
dawn
65%
dreams
65%
On
65%
on
65%
queen
65%
reach
65%
seen
65%
they're
65%
Unable
65%
us
65%
widow
65%
with
65%
calamity
62%
foresee
62%
made
62%
Pieces
62%
season
62%
slaughtered
62%
been
58%
could
58%
generation
58%
new
58%
state
58%
them
58%
them,
58%
tsar
58%
darkest
54%
Every
54%
feed
54%
from
54%
here
54%
light
54%
One
54%
rhyme
54%
take
54%
again
50%
born
50%
clearer
50%
day,
50%
far
50%
Like
50%
memories
50%
mirror
50%
getting
46%
join
46%
man
46%
plant
46%
That
46%
ended
42%
seeds,
42%
shattered
42%
shine
42%
Sow
42%
treason
42%
Devoid
38%
rain
38%
find
35%
legion,
35%
back
31%
way
31%
bearer
27%
death
27%
grand
23%
usurpation
23%
Hails
19%
right
19%
marches
15%
fate
8%
No matching quizzes found
Score Distribution
Percent of People with Each Score
Percentile by Number Answered
Your Score History
You have not taken this quiz since the last reset